Normal view
MARC view
Entry Personal Name
001 - CONTROL NUMBER
- control field: 1066967
003 - CONTROL NUMBER IDENTIFIER
- control field: OSt
005 - DATE AND TIME OF LATEST TRANSACTION
- control field: 20260121170704.0
008 - FIXED-LENGTH DATA ELEMENTS
- fixed length control field: 260121|| aca||aabn | a|a d
040 ## - CATALOGING SOURCE
- Original cataloging agency: OSt
- Transcribing agency: OSt
100 ## - HEADING--PERSONAL NAME
- Personal name: Samuel O. Idowu, Catalina Sitnikov, Lars Moratis
670 ## - SOURCE DATA FOUND
- Source citation: Work cat.: (OSt)1632697: Samuel O. Idowu, Catalina Sitnikov, Lars Moratis, ISO 26000 - A Standardized View on Corporate Social Responsibility
